Budhmat : tareekh, aqaid, falsafa = بدھ مت : تاریخ، عقاءد، فلسفہ / (Record no. 130905)
[ view plain ]
| 000 -LEADER | |
|---|---|
| fixed length control field | 00598nam a22001577a 4500 |
| 005 - DATE AND TIME OF LATEST TRANSACTION | |
| control field | 20230606114634.0 |
| 008 - FIXED-LENGTH DATA ELEMENTS--GENERAL INFORMATION | |
| fixed length control field | 230606b ||||| |||| 00| 0 eng d |
| 040 ## - CATALOGING SOURCE | |
| Transcribing agency | PK-LaUMT |
| 082 ## - DEWEY DECIMAL CLASSIFICATION NUMBER | |
| Classification number | 294.3 |
| Item number | WEY-B |
| 100 ## - MAIN ENTRY--PERSONAL NAME | |
| Personal name | Weyer, Robert Van De = ویءر، ربرٹ وین ڈی |
| 245 ## - TITLE STATEMENT | |
| Title | Budhmat : tareekh, aqaid, falsafa = بدھ مت : تاریخ، عقاءد، فلسفہ / |
| Statement of responsibility, etc | by Robert Van De Weyer = رابرٹ وین ڈی ویرٗ ; translated by Malik Ashfaq = مترجم ملک اشفاق |
| 260 ## - PUBLICATION, DISTRIBUTION, ETC. (IMPRINT) | |
| Place of publication, distribution, etc | Lahore : |
| Name of publisher, distributor, etc | Book Home, |
| Date of publication, distribution, etc | 2007 |
| 300 ## - PHYSICAL DESCRIPTION | |
| Extent | 192 p. |
| 650 ## - SUBJECT ADDED ENTRY--TOPICAL TERM | |
| Topical term or geographic name as entry element | Bhudism |
| 942 ## - ADDED ENTRY ELEMENTS (KOHA) | |
| Koha item type | Books |
| Withdrawn status | Lost status | Damaged status | Home library | Current library | Date acquired | Full call number | Barcode | Date last seen | Price effective from | Koha item type |
|---|---|---|---|---|---|---|---|---|---|---|
| UMT Main Campus | UMT Main Campus | 2023-06-06 | 294.3 WEY-B | 145035 | 2023-06-06 | 2023-06-06 | Books |
